| 000 | 00452nam a2200145Ia 4500 | ||
|---|---|---|---|
| 008 | 190813s9999 xx 000 0 und d | ||
| 100 | _aTrent, Allen | ||
| 245 | _aWe are wyoming: an arts integrated unit/ | ||
| 245 | _cAllen Trent and Peter Moran | ||
| 260 | _bPublisher's Development Corporation | ||
| 260 | _c2018 | ||
| 300 | _aPages 28-29, September 2018 | ||
| 440 |
_aArts and Activities: Make a Fresh Start with Arts _v164: 1 |
||
| 650 | _aArts | ||
| 999 |
_c362025 _d362025 |
||